000 01169nma a22002177a 4500
006 g q ||
999 _c68245
_d68245
005 20210325211221.0
008 s2555 th tha d
040 _a์NATL
041 _atha
090 _aCD2116/1, CD2116/2
245 1 0 _aความจริงเพื่อความยุติธรรม :
_bเหตุการณ์และผลกระทบจากการสลายการชุมนุม เมษา-พฤษภา 53 แผ่น 2 [CD-ROM]
260 _aกรุงเทพฯ :
_bศูนย์ข้อมูลประชาชนผู้ได้รับผลกระทบจากการสลายการชุมนุมกรณี เม.ย.-พ.ค.,
_c2555.
300 _a1 แผ่น :
_bSd., Col.
651 4 _942051
_aไทย
_xการเมืองและการปกครอง
_y2549-2553
653 4 _aการสลายการชุมนุม
653 4 _aการชุมนุมประท้วง
850 _aNALT
942 _cCD
_2local